[Event "Guelph Fall ProAm"]
[Site "Guelph"]
[Date "2010.11.07"]
[Round "5"]
[White "Rezvani, Hemmat"]
[Black "Strugach, Alex"]
[Result "0-1"]
[WhiteElo "2026"]
[BlackElo "2116"]
[PlyCount "68"]
[EventDate "2010.11.06"]
[EventType "swiss"]
[EventRounds "5"]
[EventCountry "CAN"]
[SourceTitle "EXT 2022"]
[Source "ChessBase"]
[SourceDate "2021.10.06"]
[SourceVersion "1"]
[SourceVersionDate "2021.10.06"]
[SourceQuality "1"]

1. d4 d5 2. c4 e6 3. Nc3 Nf6 4. Bg5 Be7 5. e3 0-0 6. Nf3 Nbd7 7. Bd3 dxc4 8. Bxc4 Nb6 9. Bd3 h6 10. Bh4 Nbd5 11. 0-0 b6 12. Rc1 Bb7 13. Nxd5 Nxd5 14. Bxe7 Qxe7 15. a3 c5 16. dxc5 bxc5 17. Qa4 Nb6 18. Qg4 Rfd8 19. Rfd1 Rac8 20. Be2 Qf6 21. Rxd8+ Rxd8 22. Rc2 Bc6 23. e4 c4 24. e5 Bxf3 25. Qxf3 Qxe5 26. g3 Qd5 27. Qf4 e5 28. Qc1 Kh7 29. Bxc4 Nxc4 30. Rxc4 Qf3 31. Qb1+ g6 32. Rc1 Rd2 33. Rf1 e4 34. Qe1 Re2 0-1